000 00921nam a2200253Ia 4500
003 OSt
005 20220923223945.0
006 a|||||r|||| 00| 0
007 ta
008 220922b |||||||| |||| 00| 0 hin d
024 _a223,627
037 _cTextual
040 _aARTS
_cARTS
_bhin
041 _2hin
_ahin
082 _aO152,2N25w, P3
100 _aमोहन राकेश; तनेजा, जयदेव, संपा.
_9167705
245 0 _aमेरे साक्षात्कार
246 _aMere sākṣhātkāra
260 _aनयी दिल्ली
_b किताबघर प्रकाशन
_c2003
300 _a143पृ.
_ccm.
490 _aमेरे साक्षात्कार सीरीज़
942 _hO152,2N25w, P3
_cTEXL
_2CC
999 _c368412
_d368412